Sports Quiz

Random Sports or Football Quiz

Italy national football team captains Quiz Stats

Quiz not verified by Sporcle

Also try: Big West
Challenge
Share
Tweet
Embed
Score 0/35 Timer 05:00
0 Plays Today
Tournament Player % Correct
1930 FIFA World CupDNP
100%
1958 FIFA World CupDNP
100%
1960 UEFA EuroDNP
100%
1964 UEFA EuroDNP
100%
1972 UEFA EuroDNP
100%
1976 UEFA EuroDNP
100%
1984 UEFA EuroDNP
100%
1992 UEFA EuroDNP
100%
2012 UEFA EuroGianluigi Buffon
98.3%
2014 FIFA World CupGianluigi Buffon
98.3%
1962 FIFA World CupLorenzo Buffon
97.8%
2016 UEFA EuroGianluigi Buffon
97.7%
1996 UEFA EuroPaolo Maldini
96.4%
1998 FIFA World CupPaolo Maldini
96.4%
2000 UEFA EuroPaolo Maldini
96.4%
2002 FIFA World CupPaolo Maldini
96.4%
2004 UEFA EuroFabio Cannavaro
94%
2006 FIFA World CupFabio Cannavaro
94%
Tournament Player % Correct
2010 FIFA World CupFabio Cannavaro
94%
1978 FIFA World CupDino Zoff
86.9%
1980 UEFA EuroDino Zoff
86.9%
1982 FIFA World CupDino Zoff
86.9%
1994 FIFA World CupFranco Baresi
84.9%
2008 UEFA EuroAlessandro Del Piero
84.9%
1988 UEFA EuroGiuseppe Bergomi
54.7%
1990 FIFA World CupGiuseppe Bergomi
54.7%
1938 FIFA World CupGiuseppe Meazza
54.6%
1986 FIFA World CupGaetano Scirea
45.1%
1968 UEFA EuroGiacinto Facchetti
44.5%
1970 FIFA World CupGiacinto Facchetti
44.5%
1974 FIFA World CupGiacinto Facchetti
44.5%
1954 FIFA World CupGiampiero Boniperti
18.6%
1934 FIFA World CupGianpiero Combi
16.8%
1966 FIFA World CupSandro Salvadore
7.1%
1950 FIFA World CupRiccardo Carapellese
3.9%

You're not logged in!

Compare scores with friends on all Sporcle quizzes.
Sign Up with Email
OR
Log In

You Might Also Like...

Show Comments

Extras

Top Quizzes Today


Score Distribution

Your Account Isn't Verified!

In order to create a playlist on Sporcle, you need to verify the email address you used during registration. Go to your Sporcle Settings to finish the process.